000 00655nam a2200241Ia 4500
001 40601
005 20240114003346.0
007 ta
008 071218s2005 g b000 u 465 u
040 _aCotton College Assam
041 _a465
082 _a537.5
_bCh 41 El
100 _aCheruku, Dharma Raj .
245 0 _aElectronic Devices and Circuits /
_cDharma Raj Cheruku & Battula Tirumala Krishna.
_hTextual Documents
250 _a1st ed /
260 _aDelhi :
_bPearson Education ,
_c2005.
653 _aPhysics
653 _aElectronics
653 _aG-Physics
942 _2ddc
_cBK
999 _c40572
_d40572